International Financial Management (Record no. 656)

MARC details
000 -LEADER
fixed length control field 00408nam a22001697a 4500
005 - DATE AND TIME OF LATEST TRANSACTION
control field 20180718151724.0
008 - FIXED-LENGTH DATA ELEMENTS--GENERAL INFORMATION
fixed length control field 160512b xxu||||| |||| 00| 0 eng d
020 ## - INTERNATIONAL STANDARD BOOK NUMBER
ISBN 0-07-047341-2
041 ## - LANGUAGE CODE
Language code of text/sound track or separate title eng
082 ## - DEWEY DECIMAL CLASSIFICATION NUMBER
Item number 1694
Classification number 658.1599
100 ## - MAIN ENTRY--AUTHOR NAME
Personal name APTE, P G
245 ## - TITLE STATEMENT
Title International Financial Management
260 ## - PUBLICATION, DISTRIBUTION, ETC. (IMPRINT)
Place of publication New Delhi
Name of publisher TMH
Year of publication 1995
300 ## - PHYSICAL DESCRIPTION
Number of Pages 636p,
650 ## - SUBJECT ADDED ENTRY--TOPICAL TERM
Topical Term Management
942 ## - ADDED ENTRY ELEMENTS (KOHA)
Koha item type Books
Holdings
Lost status Damaged status Collection code Home library Current library Shelving location Date acquired Cost, normal purchase price Full call number Accession Number Koha item type
    Reference JRU Library JRU Library SHELF-30-E 12/05/2016 295.00 658.1599 1694 Books
    MANAGEMENT JRU Library JRU Library SHELF-60-K 12/05/2016 295.00 658.1599 1695 Books
    MANAGEMENT JRU Library JRU Library SHELF-60-K 12/05/2016 295.00 658.1599 1696 Books
    MANAGEMENT JRU Library JRU Library SHELF-60-K 12/05/2016 295.00 658.1599 1697 Books